[Event "Ankara Baskent Univ op-A 5th"]
[Site "Ankara"]
[Date "2022.07.07"]
[Round "9"]
[White "Guseynov, Alihan"]
[Black "Bicer, Atakan Mert"]
[Result "1-0"]
[WhiteElo "2213"]
[BlackElo "2368"]
[PlyCount "141"]
[EventDate "2022.07.02"]
[EventType "swiss"]
[EventRounds "9"]
[EventCountry "TUR"]
[SourceTitle "CBM 209 Extra"]
[Source "ChessBase"]
[SourceDate "2022.09.30"]
[SourceVersion "1"]
[SourceVersionDate "2022.09.30"]
[SourceQuality "1"]

1. Nf3 Nf6 2. c4 e6 3. Nc3 Bb4 4. Qc2 d5 5. a3 Be7 6. d4 0-0 7. Bf4 c5 8. dxc5 Bxc5 9. e3 Nc6 10. Rd1 Qa5 11. Bd3 dxc4 12. Bxc4 Be7 13. h3 e5 14. Bg3 e4 15. Nd2 Bf5 16. 0-0 Ne5 17. b4 Qc7 18. Nb5 Qb8 19. Qc3 Nfd7 20. Nxe4 Bxe4 21. Rxd7 Bf6 22. Bxe5 Bxe5 23. Qb3 a6 24. Nc3 Bg6 25. Rfd1 Kh8 26. Nd5 Bf5 27. Nb6 Bxd7 28. Nxd7 Qc7 29. Nxf8 Rxf8 30. Qd3 g6 31. Qe4 b5 32. Bd5 Bb2 33. Qd3 Kg7 34. Qb3 Bf6 35. g3 h5 36. h4 Rd8 37. Kg2 Rd7 38. Rd3 Qc1 39. e4 Rc7 40. a4 Qa1 41. axb5 axb5 42. Rd1 Qc3 43. Qxc3 Bxc3 44. Rc1 Be5 45. Rc5 Rxc5 46. bxc5 f6 47. f4 Bc7 48. Kf3 Kf8 49. Bc6 b4 50. Bd5 Bb8 51. g4 hxg4+ 52. Kxg4 Kg7 53. f5 Be5 54. Bb3 Kh6 55. fxg6 Kxg6 56. h5+ Kh6 57. c6 Bd6 58. Bd1 Bc7 59. Kf5 Be5 60. Ke6 Kg5 61. Bc2 Kxh5 62. Kd7 Kg4 63. c7 Bxc7 64. Kxc7 Kf4 65. Kd6 b3 66. Bb1 Ke3 67. Ke6 Kd2 68. Kxf6 Kc1 69. Bd3 Kd2 70. Bc4 b2 71. Ba2 1-0

[Event "Marmaris Icmeler"]
[Site "Marmaris"]
[Date "2022.05.07"]
[Round "5.2"]
[White "Ince, Taylan Ruzgar"]
[Black "Guseynov, Alihan"]
[Result "1-0"]
[WhiteElo "2018"]
[BlackElo "2278"]
[PlyCount "103"]
[EventDate "2022.05.05"]
[EventType "schev"]
[EventRounds "10"]
[EventCountry "TUR"]
[SourceTitle "CBM 208 Extra"]
[Source "ChessBase"]
[SourceDate "2022.07.31"]
[SourceVersion "1"]
[SourceVersionDate "2022.07.31"]
[SourceQuality "1"]

1. d4 d5 2. g3 b6 3. Bg2 Nf6 4. Nf3 Bb7 5. c4 dxc4 6. Qa4+ Nc6 7. Qxc4 e6 8. 0-0 Be7 9. Nc3 0-0 10. Rd1 Rc8 11. Qa4 a6 12. e4 Na5 13. Qc2 Qe8 14. Bg5 c5 15. d5 exd5 16. exd5 Rd8 17. Re1 Qd7 18. Rad1 Qc7 19. d6 Rxd6 20. Bf4 Bxf3 21. Bxd6 Bxd1 22. Bxc7 Bxc2 23. Rxe7 Re8 24. Rxe8+ Nxe8 25. Bxb6 Nc4 26. Bxc5 Nxb2 27. Kf1 Nc7 28. Ke2 Ne6 29. Ba7 Kf8 30. Kd2 Bf5 31. Bf1 a5 32. a4 Ng5 33. Bc5+ Kg8 34. Ba3 Nf3+ 35. Ke3 Nxh2 36. Be2 Nxa4 37. Nxa4 Ng4+ 38. Kf4 Bc2 39. Bxg4 Bxa4 40. Ke5 Bb3 41. Kd6 g6 42. Ke7 f5 43. Be2 Kg7 44. Bb2+ Kg8 45. Kf6 a4 46. f4 Ba2 47. Ba3 Bb3 48. Bb5 Kh8 49. Kg5 Kg7 50. Bb2+ Kf7 51. Kh6 Kg8 52. Bc6 1-0

[Event "Marmaris Icmeler"]
[Site "Marmaris"]
[Date "2022.05.06"]
[Round "4.3"]
[White "Guseynov, Alihan"]
[Black "Taspinar, Yanki"]
[Result "1/2-1/2"]
[WhiteElo "2278"]
[BlackElo "2176"]
[PlyCount "68"]
[EventDate "2022.05.05"]
[EventType "schev"]
[EventRounds "10"]
[EventCountry "TUR"]
[SourceTitle "CBM 208 Extra"]
[Source "ChessBase"]
[SourceDate "2022.07.31"]
[SourceVersion "1"]
[SourceVersionDate "2022.07.31"]
[SourceQuality "1"]

1. d4 d5 2. c4 e6 3. Nc3 c6 4. e3 Nf6 5. Nf3 Nbd7 6. Qc2 Bd6 7. b3 0-0 8. Be2 b6 9. Bb2 Bb7 10. 0-0 Qe7 11. Rad1 Rad8 12. Rfe1 Rfe8 13. Bf1 c5 14. cxd5 exd5 15. dxc5 Nxc5 16. Nb5 Bb8 17. h3 Nce4 18. Qb1 Rc8 19. Rc1 Rxc1 20. Qxc1 Rc8 21. Qb1 a6 22. Nbd4 Qd6 23. Qa1 Ng5 24. Bd3 Nfe4 25. Kf1 Nxf3 26. Nxf3 d4 27. Bxd4 Nxf2 28. Kxf2 Qg3+ 29. Kf1 Bxf3 30. gxf3 Qxf3+ 31. Kg1 Qg3+ 32. Kf1 Qf3+ 33. Kg1 Qg3+ 34. Kf1 Qf3+ 1/2-1/2

[Event "Marmaris Icmeler"]
[Site "Marmaris"]
[Date "2022.05.05"]
[Round "2.5"]
[White "Guseynov, Alihan"]
[Black "Nazari, Arad"]
[Result "0-1"]
[WhiteElo "2278"]
[BlackElo "2287"]
[PlyCount "98"]
[EventDate "2022.05.05"]
[EventType "schev"]
[EventRounds "10"]
[EventCountry "TUR"]
[SourceTitle "CBM 208 Extra"]
[Source "ChessBase"]
[SourceDate "2022.07.31"]
[SourceVersion "1"]
[SourceVersionDate "2022.07.31"]
[SourceQuality "1"]

1. d4 Nf6 2. c4 g6 3. Nc3 d5 4. cxd5 Nxd5 5. e4 Nxc3 6. bxc3 Bg7 7. Bc4 0-0 8. Ne2 c5 9. 0-0 Nc6 10. Be3 Bg4 11. f3 Bd7 12. Qd2 Qa5 13. Rfd1 Rfd8 14. Rab1 cxd4 15. cxd4 Qxd2 16. Rxd2 Rac8 17. Bb5 Na5 18. Kf2 a6 19. Bd3 b5 20. d5 Rf8 21. g4 Nc4 22. Bxc4 Rxc4 23. Bd4 e5 24. dxe6 Bxe6 25. Bxg7 Kxg7 26. Ke3 Ra4 27. Rbb2 Rc8 28. Nd4 Rc3+ 29. Kf4 Bc4 30. Nb3 Ra3 31. Rd6 a5 32. Nd2 Be2 33. Rb3 a4 34. Rb2 Re3 35. g5 h5 36. h4 Red3 37. e5 Rdc3 38. Rd7 Bc4 39. Nxc4 Rxc4+ 40. Kg3 Rg4+ 41. Kf2 Rf4 42. e6 Raxf3+ 43. Kg2 Re3 44. Rxf7+ Rxf7 45. exf7 Re5 46. Kf3 Kxf7 47. Kf4 Rc5 48. Rd2 b4 49. Rd6 Rb5 0-1

[Event "Marmaris Icmeler"]
[Site "Marmaris"]
[Date "2022.05.05"]
[Round "1.1"]
[White "Hereklioglu, Sude"]
[Black "Guseynov, Alihan"]
[Result "0-1"]
[WhiteElo "1918"]
[BlackElo "2278"]
[PlyCount "102"]
[EventDate "2022.05.05"]
[EventType "schev"]
[EventRounds "10"]
[EventCountry "TUR"]
[SourceTitle "CBM 208 Extra"]
[Source "ChessBase"]
[SourceDate "2022.07.31"]
[SourceVersion "1"]
[SourceVersionDate "2022.07.31"]
[SourceQuality "1"]

1. Nf3 c5 2. g3 Nc6 3. Bg2 g6 4. 0-0 Bg7 5. c4 d6 6. Nc3 e6 7. e3 Nge7 8. d4 0-0 9. d5 Na5 10. Qd3 a6 11. Rd1 exd5 12. cxd5 b5 13. e4 b4 14. Ne2 Bd7 15. e5 dxe5 16. d6 Nec6 17. Qd5 Rc8 18. Be3 Be6 19. Qe4 Nd4 20. Nexd4 cxd4 21. Bd2 Qxd6 22. Qe1 Nc6 23. Ng5 Bd5 24. Ne4 Qd7 25. Nc5 Qd8 26. Nb7 Qd7 27. Nc5 Qa7 28. Bxd5 Qxc5 29. Bg2 f5 30. Rdc1 Qb5 31. a4 bxa3 32. bxa3 e4 33. Rab1 Qd5 34. Bb4 Nxb4 35. Qxb4 d3 36. Rd1 Bd4 37. Qe7 Rf7 38. Qg5 Kg7 39. h4 h5 40. Rb4 Rc2 41. Rb8 Rxf2 42. Kh1 Rxg2 43. Kxg2 e3+ 44. Kh2 e2 45. Rc1 Bf6 46. Qd2 f4 47. gxf4 Qf3 48. Rcc8 Qf2+ 49. Kh3 e1Q 50. Rg8+ Kh7 51. f5 Qg3# 0-1

[Event "TUR Cup"]
[Site "Adapazari"]
[Date "2022.03.28"]
[Round "6"]
[White "Guseynov, Alihan"]
[Black "Turkoglu, Cihat"]
[Result "1-0"]
[WhiteElo "2311"]
[BlackElo "2071"]
[PlyCount "59"]
[EventDate "2022.03.25"]
[EventType "swiss"]
[EventRounds "11"]
[EventCountry "TUR"]
[SourceTitle "EXT 2023"]
[Source "ChessBase"]
[SourceDate "2022.10.05"]
[SourceVersion "1"]
[SourceVersionDate "2022.10.05"]
[SourceQuality "1"]

1. d4 Nf6 2. c4 e6 3. Nc3 c5 4. Nf3 a6 5. g3 cxd4 6. Nxd4 Nc6 7. Bg2 Qc7 8. 0-0 b6 9. Nxc6 dxc6 10. Bf4 Qb7 11. Qa4 Bd7 12. Rfd1 b5 13. cxb5 axb5 14. Qb3 Be7 15. Nxb5 0-0 16. Nd4 Qxb3 17. Nxb3 Nd5 18. e4 Nf6 19. Bg5 Ra7 20. Be3 Rb7 21. Nc5 Bxc5 22. Bxc5 Ra8 23. Rd2 h6 24. a4 Be8 25. a5 Nd7 26. Bd6 Nb8 27. b4 Na6 28. e5 Nc7 29. Bxc7 Rxc7 30. b5 1-0

[Event "TUR Cup"]
[Site "Adapazari"]
[Date "2022.03.28"]
[Round "5"]
[White "Kuru, Atilla"]
[Black "Guseynov, Alihan"]
[Result "0-1"]
[WhiteElo "2029"]
[BlackElo "2311"]
[PlyCount "108"]
[EventDate "2022.03.25"]
[EventType "swiss"]
[EventRounds "11"]
[EventCountry "TUR"]
[SourceTitle "EXT 2023"]
[Source "ChessBase"]
[SourceDate "2022.10.05"]
[SourceVersion "1"]
[SourceVersionDate "2022.10.05"]
[SourceQuality "1"]

1. e4 g6 2. d4 Bg7 3. Nc3 d6 4. Be3 a6 5. a4 b6 6. Bc4 Bb7 7. Nf3 h6 8. Qd3 e6 9. d5 e5 10. g4 Nd7 11. b4 a5 12. b5 Ngf6 13. Rg1 Qe7 14. h4 0-0-0 15. Nd2 h5 16. g5 Ng4 17. Nb3 Nxe3 18. Qxe3 f6 19. Bf1 fxg5 20. hxg5 Kb8 21. Bh3 Rdf8 22. Ne2 Rf4 23. Ned4 exd4 24. Qxf4 Rf8 25. Qh4 Ne5 26. Nxd4 Nf3+ 27. Nxf3 Bxa1 28. Ke2 Be5 29. Ke3 Qg7 30. Rb1 Rf4 31. Qxf4 Bxf4+ 32. Kxf4 Qc3 33. Rd1 Qxc2 34. Rd4 Bc8 35. Bxc8 Kxc8 36. Ke3 Qc1+ 37. Ke2 Qb2+ 38. Rd2 Qa1 39. Rd4 h4 40. e5 h3 41. Re4 dxe5 42. Rh4 Qa2+ 43. Ke3 Qb3+ 44. Ke2 Qxd5 45. Rxh3 Qe4+ 46. Kf1 Qxa4 47. Rh6 Qxb5+ 48. Ke1 e4 49. Nd4 Qb4+ 50. Ke2 Qxd4 51. Rxg6 Qd3+ 52. Ke1 e3 53. Rg8+ Kb7 54. fxe3 Qb1+ 0-1

[Event "TUR Cup"]
[Site "Adapazari"]
[Date "2022.03.26"]
[Round "3"]
[White "Demirag, Batuhan"]
[Black "Guseynov, Alihan"]
[Result "0-1"]
[WhiteElo "1903"]
[BlackElo "2311"]
[PlyCount "82"]
[EventDate "2022.03.25"]
[EventType "swiss"]
[EventRounds "11"]
[EventCountry "TUR"]
[SourceTitle "EXT 2023"]
[Source "ChessBase"]
[SourceDate "2022.10.05"]
[SourceVersion "1"]
[SourceVersionDate "2022.10.05"]
[SourceQuality "1"]

1. c4 g6 2. g3 Bg7 3. Bg2 d6 4. Nc3 c5 5. d3 Nc6 6. Nh3 h5 7. 0-0 h4 8. Nf4 Nf6 9. a3 hxg3 10. hxg3 Bd7 11. Rb1 Qc8 12. Re1 g5 13. Nfd5 Bh3 14. Nxf6+ Bxf6 15. Be4 Bf5 16. Bg2 Bxc3 17. bxc3 f6 18. Qb3 b6 19. Bxc6+ Qxc6 20. f3 Bxd3 21. Rb2 Bf5 22. Qb5 Bd7 23. Qxc6 Bxc6 24. e4 Kf7 25. Rg2 Rag8 26. g4 Rh3 27. Kf2 Rgh8 28. Be3 Ba4 29. Rb1 Rh1 30. Rxh1 Rxh1 31. Rg1 Rxg1 32. Kxg1 e5 33. Kf2 Bb3 34. Bd2 Bxc4 35. Ke3 Ke6 36. Bc1 Kd7 37. Bb2 Kc6 38. Bc1 Kb5 39. Bb2 Ka4 40. Kd2 Kb3 41. Bc1 b5 0-1

[Event "Mentese Flowers (Women)"]
[Site "Mentese"]
[Date "2022.02.10"]
[Round "10"]
[White "Guseynov, Alihan"]
[Black "Boshra, Alshaeby"]
[Result "1-0"]
[WhiteElo "2312"]
[BlackElo "1911"]
[PlyCount "132"]
[EventDate "2022.02.06"]
[EventType "schev"]
[EventRounds "10"]
[EventCountry "TUR"]
[SourceTitle "CBM 206 Extra"]
[Source "ChessBase"]
[SourceDate "2022.03.31"]
[SourceVersion "1"]
[SourceVersionDate "2022.03.31"]
[SourceQuality "1"]
[WhiteTeam "Blue Team"]
[BlackTeam "Red Team"]
[WhiteTeamCountry "TUR"]
[BlackTeamCountry "TUR"]

1. d4 Nf6 2. c4 g6 3. Nc3 Bg7 4. e4 d6 5. f4 0-0 6. Nf3 c5 7. dxc5 Na6 8. cxd6 exd6 9. Bd3 Qb6 10. Qb3 Qxb3 11. axb3 Nc5 12. Bc2 Nfxe4 13. Nxe4 Nxe4 14. 0-0 Re8 15. Re1 f5 16. Be3 Bxb2 17. Rxa7 Rxa7 18. Bxa7 Bd7 19. Bd4 Bxd4+ 20. Nxd4 Nc3 21. Kf2 Rxe1 22. Kxe1 Na2 23. Kd2 Kf7 24. Bd1 Bc6 25. g3 Ke7 26. Nc2 Be4 27. Ne3 Ke6 28. Bc2 Bxc2 29. Kxc2 Nb4+ 30. Kc3 Na2+ 31. Kd4 Nb4 32. Nd5 Nc2+ 33. Kc3 Ne1 34. h3 Nf3 35. Kd3 Ng1 36. h4 Nf3 37. Nc7+ Kd7 38. Nb5 Nh2 39. Ke3 Nf1+ 40. Kf2 Nd2 41. Nd4 Ne4+ 42. Kf3 Nd2+ 43. Ke3 Nf1+ 44. Kf2 Nd2 45. h5 gxh5 46. Ke3 Nf1+ 47. Kf2 Nd2 48. Ke2 Ne4 49. Nxf5 Ke6 50. Ng7+ Kf6 51. Nxh5+ Kf5 52. Ke3 Nc5 53. b4 Ne6 54. b5 h6 55. Kf3 Nd4+ 56. Ke3 Ne6 57. b6 Nc5 58. Ng7+ Kf6 59. Ne8+ Ke7 60. Nc7 Na4 61. Nd5+ Ke6 62. g4 Kf7 63. Kd4 Kg7 64. Ne7 Kf6 65. Nd5+ Kf7 66. f5 Nc5 1-0

[Event "Mentese Flowers (Women)"]
[Site "Mentese"]
[Date "2022.02.08"]
[Round "6"]
[White "Guseynov, Alihan"]
[Black "Ince, Safiye Oyku"]
[Result "1-0"]
[WhiteElo "2312"]
[BlackElo "1893"]
[PlyCount "85"]
[EventDate "2022.02.06"]
[EventType "schev"]
[EventRounds "10"]
[EventCountry "TUR"]
[SourceTitle "CBM 206 Extra"]
[Source "ChessBase"]
[SourceDate "2022.03.31"]
[SourceVersion "1"]
[SourceVersionDate "2022.03.31"]
[SourceQuality "1"]
[WhiteTeam "Blue Team"]
[BlackTeam "Red Team"]
[WhiteTeamCountry "TUR"]
[BlackTeamCountry "TUR"]

1. d4 Nf6 2. c4 e6 3. Nc3 Bb4 4. Qc2 0-0 5. e4 d6 6. Bd3 e5 7. d5 Nbd7 8. Nge2 Nc5 9. a3 Bxc3+ 10. Nxc3 a5 11. Be2 Ne8 12. Be3 b6 13. 0-0 f5 14. f4 exf4 15. Rxf4 g5 16. Rf2 f4 17. Bd4 Nf6 18. h4 Ng4 19. Bxg4 Bxg4 20. Raf1 Rf7 21. hxg5 Qxg5 22. Be3 Raf8 23. Rxf4 Rxf4 24. Rxf4 Rxf4 25. Qd2 Nb3 26. Bxf4 Nxd2 27. Bxg5 Nxc4 28. Bd8 Nxb2 29. Bxc7 Nc4 30. Nb5 Bd7 31. Nxd6 Nxd6 32. Bxd6 b5 33. Kf2 Kf7 34. Ke3 h5 35. g3 Bg4 36. Kf4 Ke8 37. Bc5 Bh3 38. Ke5 Kd7 39. Kd4 Bg2 40. e5 Bf3 41. e6+ Ke8 42. Ke5 Bg2 43. d6 1-0

[Event "Mentese Flowers (Women)"]
[Site "Mentese"]
[Date "2022.02.06"]
[Round "1"]
[White "Ince, Safiye Oyku"]
[Black "Guseynov, Alihan"]
[Result "0-1"]
[WhiteElo "1893"]
[BlackElo "2312"]
[PlyCount "98"]
[EventDate "2022.02.06"]
[EventType "schev"]
[EventRounds "10"]
[EventCountry "TUR"]
[SourceTitle "CBM 206 Extra"]
[Source "ChessBase"]
[SourceDate "2022.03.31"]
[SourceVersion "1"]
[SourceVersionDate "2022.03.31"]
[SourceQuality "1"]
[WhiteTeam "Red Team"]
[BlackTeam "Blue Team"]
[WhiteTeamCountry "TUR"]
[BlackTeamCountry "TUR"]

1. e4 c5 2. Nf3 Nc6 3. d4 cxd4 4. Nxd4 e5 5. Nb5 d6 6. c4 Be7 7. N1c3 a6 8. Na3 Be6 9. Nc2 Nf6 10. Be2 Rc8 11. b3 0-0 12. 0-0 b5 13. cxb5 Na7 14. Qd3 Nxb5 15. Nxb5 axb5 16. Nb4 Nxe4 17. Qxe4 d5 18. Nxd5 Bxd5 19. Qb1 Bc5 20. Rd1 Qh4 21. Be3 Bxe3 22. fxe3 Be4 23. Bd3 Rfd8 24. Bxe4 Rxd1+ 25. Qxd1 Qxe4 26. Qf3 Qxf3 27. gxf3 b4 28. a4 bxa3 29. Rxa3 f6 30. Kf2 Rc2+ 31. Kg3 Kf7 32. h4 Kg6 33. Ra7 Rc3 34. e4 Rxb3 35. Re7 Rb8 36. Kg4 Rb1 37. Kg3 Kh5 38. Kf2 Kh6 39. Kg3 Rg1+ 40. Kh2 Ra1 41. Kg3 Kg6 42. Kh3 Ra8 43. Kg4 Rf8 44. Rd7 h5+ 45. Kg3 Rf7 46. Rd6 Ra7 47. Rd8 Kf7 48. Rh8 Ra6 49. Rxh5 Kg8 0-1

[Event "Titled Tuesday intern op 18th Jan"]
[Site "Chess.com INT"]
[Date "2022.01.18"]
[Round "7"]
[White "Guseynov, Alihan"]
[Black "Zeynalov, Rashad"]
[Result "1-0"]
[WhiteElo "2312"]
[BlackElo "2226"]
[PlyCount "79"]
[EventDate "2022.01.18"]
[EventType "swiss (blitz)"]
[EventRounds "11"]
[EventCountry "USA"]
[SourceTitle "CBM 206 Extra"]
[Source "ChessBase"]
[SourceDate "2022.03.31"]
[SourceVersion "1"]
[SourceVersionDate "2022.03.31"]
[SourceQuality "1"]

1. d4 Nf6 2. c4 e6 3. Nc3 d5 4. Nf3 Be7 5. Bf4 0-0 6. e3 b6 7. Bd3 dxc4 8. Bxc4 Bb7 9. 0-0 a6 10. Qe2 b5 11. Bb3 Nbd7 12. Rfd1 Qe8 13. Bxc7 Rc8 14. Bg3 Nb6 15. Rac1 h6 16. Ne5 b4 17. Nb1 Ne4 18. Nd2 Nxg3 19. hxg3 a5 20. Ndc4 Ba6 21. Qh5 Nxc4 22. Bxc4 Bxc4 23. Nxc4 a4 24. b3 axb3 25. axb3 Qd8 26. Ra1 Ra8 27. Qf3 Rxa1 28. Rxa1 Qc7 29. Ra6 Rb8 30. g4 Bf6 31. g3 Be7 32. Kg2 Bf6 33. Qc6 Qd8 34. Ra7 Be7 35. Ne5 Rc8 36. Qb7 Kf8 37. Nd7+ Ke8 38. Qb5 Rc7 39. Rxc7 Qxc7 40. Nf6+ 1-0